000 00655nam a2200253Ia 4500
003 OSt
005 20220924143709.0
006 a|||||r|||| 00| 0
007 ta
008 220923b |||||||| |||| 00| 0 urd d
020 _c100.00
024 _a309609
037 _cTextual
040 _aARTS
_cARTS
_burd
041 _2urd
_aurd
082 _aO168v6,N9, N2
100 _aRiza Kali Das Gupta
_9216612
245 0 _aBahare urdu gulshane mashraqi Africa mein
260 _c1992
300 _a232p.
_ccm.
650 _aURDU LITERATURE
942 _hO168v6,N9, N2
_cTEXL
_2CC
999 _c455419
_d455419